000 00281nam a2200109Ia 4500
008 221009s9999 xx 000 0 und d
082 _a307/SIN
100 _aSingh, k Suresh
_91325
245 4 _aThe Tribal Situation In India
260 _bMotilal Banarsidas Publishers
942 _cBK
999 _c64780
_d64780